| 000 | 00347nam a2200097Ia 4500 | ||
|---|---|---|---|
| 008 | 220204s9999 xx 000 0 und d | ||
| 082 |
_a62:37(035) _bTEC |
||
| 245 | 0 | _aTechnology transfer : An ESCAP training manual Booklet 8 Answer key Booklets 1 to 7 | |
| 260 |
_aUnited Nations _bEconomic and social commission for Asia and the Pacific |
||
| 942 | _cBK | ||
| 999 |
_c43765 _d43765 |
||